|
|
|
|
| LEADER |
00000cam a22000004a 4500 |
| 001 |
musev2_5649 |
| 003 |
MdBmJHUP |
| 005 |
20230905040653.0 |
| 006 |
m o d |
| 007 |
cr||||||||nn|n |
| 008 |
000826s2000 cc o 00 0 eng d |
| 010 |
|
|
|z 00692559
|
| 020 |
|
|
|a 9789882201767
|
| 020 |
|
|
|z 9789622095090
|
| 035 |
|
|
|a (OCoLC)654124470
|
| 040 |
|
|
|a MdBmJHUP
|c MdBmJHUP
|
| 043 |
|
|
|a a-cc-hk
|
| 050 |
0 |
4 |
|a KNR180
|b .H66 2000
|
| 245 |
0 |
0 |
|a Hong Kong's Constitutional Debate :
|b Conflict Over Interpretation /
|c edited by Johannes M.M. Chan, H.L. Fu, Yash Ghai.
|
| 264 |
|
1 |
|a Hong Kong :
|b Hong Kong University Press,
|c 2000.
|
| 264 |
|
3 |
|a Baltimore, Md. :
|b Project MUSE,
|c 2012
|
| 264 |
|
4 |
|c ©2000.
|
| 300 |
|
|
|a 1 online resource (548 pages).
|
| 336 |
|
|
|a text
|b txt
|2 rdacontent
|
| 337 |
|
|
|a computer
|b c
|2 rdamedia
|
| 338 |
|
|
|a online resource
|b cr
|2 rdacarrier
|
| 504 |
|
|
|a Includes bibliographical references.
|
| 588 |
|
|
|a Description based on print version record.
|
| 650 |
|
0 |
|a Legislative power
|z China
|z Hong Kong.
|
| 650 |
|
0 |
|a Judicial review
|z China
|z Hong Kong.
|
| 650 |
|
0 |
|a Constitutional law
|z China
|z Hong Kong.
|
| 610 |
1 |
0 |
|a Hong Kong (China).
|b Court of Final Appeal.
|
| 651 |
|
0 |
|a Hong Kong (China)
|x Politics and government.
|
| 655 |
|
7 |
|a Electronic books.
|2 local
|
| 700 |
1 |
|
|a Ghai, Yash P.,
|d 1938-
|
| 700 |
1 |
|
|a Fu, Hualing.
|
| 700 |
1 |
|
|a Chen, Wenmin.
|
| 710 |
2 |
|
|a Project Muse.
|e distributor
|
| 830 |
|
0 |
|a Book collections on Project MUSE.
|
| 856 |
4 |
0 |
|z Texto completo
|u https://projectmuse.uam.elogim.com/book/5649/
|
| 945 |
|
|
|a Project MUSE - Custom Collection
|
| 945 |
|
|
|a Project MUSE - Archive Complete Foundation
|
| 945 |
|
|
|a Project MUSE - Archive Political Science and Policy Studies Foundation
|
| 945 |
|
|
|a Project MUSE - Archive Asian and Pacific Studies Foundation
|